000 00724nam a2200241 i 4500
001 C2-0212569
003 PPAK
005 20180728103328.0
008 990404s1997 my a|||| ||||| | eng d
020 _a9835801517
040 _aPPAK
_beng
_cPPAK
_erda
082 0 4 _a658.314
_2 23
090 0 0 _a658.314
_bBAR
_dG
100 1 _aBarry, Thomas J.,
_eauthor
245 1 0 _aHow to nurture the creativethinking organisation :
_bbeyond motivation to nurturing
264 1 _aShah Alam, Selangor :
_bFederal ,
_c1997
300 _axvii, 177 pages :
_billustrations ;
_c24 cm
336 _2rdacontent
_atext
337 _2rdamedia
_aunmediated
338 _2rdacarrier
_avolume
650 1 0 _aCreative ability
942 _ddc
_cB
999 _c158744
_d158744